00381 2200157 4500245005400000020001800054250001100072100001800083700000900101005001900110260004200129041001400171084000800185300002100193336000900214 aJangan Malu-maluin Dong,Mum!cRosie RushtonhText a979-22-1101-2 aCet. 2 aRosie Rushton aeMTe a20240926083458 aJakartabGramedia Pustaka Utamac2005 aIndonesia a823 a200 hlm :c20 cm atext